| 000 | 00588nam a22001817a 4500 | ||
|---|---|---|---|
| 005 | 20240718161849.0 | ||
| 010 | _aENG-140900 | ||
| 020 |
_a9788192281100 _c400.00 |
||
| 035 | _aEN-124432 | ||
| 037 | _bDBAD | ||
| 082 | _a338.4 | ||
| 245 |
_aNational Conference on Emerging Trents in Service Sectors: _bMacot'11/ _cEdited By N Subburaj |
||
| 260 |
_aTamil Nadu _bAmman College of Arts and Science _c2011 |
||
| 270 |
_aPillaiyarnatham, Dindigul _bTamil Nadu _e624002 |
||
| 300 |
_a236p. _c29cm.(pb) |
||
| 700 |
_aSubburaj, N _968561 |
||
| 942 |
_2ddc _cEN _mEME _h338.4 |
||
| 999 |
_c204194 _d204194 |
||